Statistics for Taylor Swift - Suburban Legends (Lyrics)

Click here to take the quiz!

General Stats

  • This quiz has been taken 282 times
  • The average score is 245 of 306

Answer Stats

Answer% Correct
I
99%
You
99%
you
99%
a
98%
in
96%
In
96%
legends
96%
suburban
96%
We
96%
it
95%
were
95%
be
94%
to
94%
And
93%
and
93%
me,
93%
me
93%
my
93%
the
93%
who
93%
born
91%
on
91%
that
89%
That
89%
up
88%
didn't
87%
forever
87%
kiss
87%
way
87%
come
86%
friends
85%
here
85%
gonna
84%
make
84%
screw
84%
when
84%
When
84%
do
82%
that's
82%
had
78%
hold
78%
too
76%
'cause
75%
heart
75%
numbers
75%
people
75%
together
75%
whole
75%
your
75%
broke
74%
called
74%
clock,
74%
own
74%
Tick-tock
74%
Would
74%
would
74%
national
73%
polite
73%
unmarked
72%
was
72%
treasures
71%
vision
71%
down
70%
pace
70%
so
70%
block
69%
gymnasium
69%
with
69%
With
69%
always
68%
school
68%
out
67%
1950s
66%
don't
66%
don't
66%
know
66%
like
66%
almost
65%
back
65%
can
65%
holds
65%
peripheral
65%
see
65%
still
65%
now
64%
anymore
63%
came
63%
our
63%
forgiven
62%
life
62%
of
62%
reunion
62%
standing
62%
am
61%
door
61%
knock
61%
let
61%
quickly
61%
signs
61%
class
60%
magnetic,
60%
obnoxious
60%
star
60%
surprise
60%
kissed
59%
slide
59%
at
58%
get
58%
mismatched
58%
summer
58%
told
58%
ruined
57%
Waves
57%
crash
56%
knew
56%
old
56%
plastic
56%
than
56%
Walking
56%
more
55%
slippery
55%
All
53%
shore,
53%
we'd
53%
chapter
52%
currency
52%
empty
52%
maybe
52%
pockets
52%
cool
51%
pages
51%
remember
51%
ripped
51%
fantasy
50%
life's
50%
You'd
50%
dash
49%
diaries
49%
Flush
48%
turning
48%
ended
46%
hose
45%

Score Distribution

Percentile by Number Answered

Percent of People with Each Score

Your Score History

You have not taken this quiz